00629 a2200181 4500003000400000005001700004008004100021020001800062040000900080082001800089100002800107245005500135260003900190300000900229942004200238952015000280999001700430OSt20231123155342.0231123b |||||||| |||| 00| 0 eng d a9789384294922 coclc a543.54bMAN/O aManna, Ajay Kumar99943 aOrganic Molecular Spectroscopy /cAjay Kumar Manna aKolkata:bBooks and allied,c2017. a503p 2ddccBKh543.54iMAN/Ok543.54mMAN/O 00102ddc40708CHEMISTRYaMESbMEScCHEd2023-11-23l4m5o543.54 MAN/Op43725r2025-12-18 13:12:48s2025-12-09v425.00w2023-11-23yBKzGL27R3 c41873d41873